000 00579nam a22002177a 4500
003 OSt
005 20170119143701.0
008 150507b xxu||||| |||| 00| 0 eng d
020 _a0443071403
040 _cDNLM
082 _aWR 17 G248d 2002
100 _aGawkrodger David J
_94542
245 _aDermatology:
_ban illustrated Colour text
250 _a3rd ed.
260 _aLondon:
_bChurchill Livingstone;
_c2002
300 _avii,131 P;
_bcol.ill:
_c29 cm
504 _aIncludes index
650 _aDermatology
_9502
650 _aSkin diseases
_94010
942 _2z
_cSLOAN
999 _c1719
_d1719